Welcome to CU Library Online Public Access Catalogue (OPAC)

The Muslim resurgence in Ghana since 1950 : (Record no. 6226)

MARC details
000 -LEADER
fixed length control field 00615cam a22001934a 4500
001 - CONTROL NUMBER
control field 15594502
005 - DATE AND TIME OF LATEST TRANSACTION
control field 20250603155645.0
008 - FIXED-LENGTH DATA ELEMENTS--GENERAL INFORMATION
fixed length control field 090122s2006 gw b 000 0 eng c
020 ## - INTERNATIONAL STANDARD BOOK NUMBER
International Standard Book Number 3825889912 (pbk.)
020 ## - INTERNATIONAL STANDARD BOOK NUMBER
International Standard Book Number 9783825889913 (pbk.)
050 00 - LIBRARY OF CONGRESS CALL NUMBER
Classification number BP64.G4
Item number S26 2006
100 1# - MAIN ENTRY--PERSONAL NAME
Personal name Samwini, Nathan.
245 14 - TITLE STATEMENT
Title The Muslim resurgence in Ghana since 1950 :
Remainder of title its effects upon Muslims and Muslim-Christian relations /
Statement of responsibility, etc. Nathan Samwini.
260 ## - PUBLICATION, DISTRIBUTION, ETC.
Place of publication, distribution, etc. Berlin :
Name of publisher, distributor, etc. Lit,
Date of publication, distribution, etc. c2006.
300 ## - PHYSICAL DESCRIPTION
Extent 342 p. ;
Dimensions 21 cm.
650 #0 - SUBJECT ADDED ENTRY--TOPICAL TERM
Topical term or geographic name entry element Islam
Geographic subdivision Ghana
General subdivision History
650 #0 - SUBJECT ADDED ENTRY--TOPICAL TERM
Topical term or geographic name entry element Islam
General subdivision Relations
-- Christianity.
942 ## - ADDED ENTRY ELEMENTS (KOHA)
Source of classification or shelving scheme Library of Congress Classification
Koha item type Books
Suppress in OPAC No
999 ## -
-- 6226
-- 6226
Holdings
Withdrawn status Lost status Source of classification or shelving scheme Damaged status Not for loan Collection Home library Current library Shelving location Date acquired Total checkouts Full call number Barcode Date last seen Copy number Price effective from Koha item type
    Library of Congress Classification     Non-fiction Undergraduate Library (Christ Temple) Undergraduate Library (Christ Temple) General stacks 06/03/2025   BV 2625 SAM ulct00002956 06/03/2025 1 06/03/2025 Books
    Library of Congress Classification     Non-fiction Undergraduate Library (Christ Temple) Undergraduate Library (Christ Temple) General stacks 06/03/2025   BV 2625 SAM ulct00002957 06/03/2025 2 06/03/2025 Books
© 2023-2024 Copyright: Central University Libraries. All Rights Reserved | Created by: Mahone Tech Office